[Event "Stay Safe Play From Home 305"]
[Site "Emanuel Lasker Arena"]
[Date "2020.07.15"]
[Round "1"]
[White "Broken sword"]
[Black "Buzaglo"]
[Result "1-0"]
[WhiteElo "2444"]
[BlackElo "1870"]
[Annotator "TA"]
[PlyCount "95"]
[EventDate "2020.07.15"]
[EventType "swiss (blitz)"]

{[%evp 14,94,28,22,22,9,18,28,43,39,40,25,40,44,61,33,92,84,107,82,292,299,304,293,428,358,372,371,370,366,367,350,489,489,947,520,512,496,499,490,506,509,512,502,534,480,613,453,479,493,517,509,557,537,516,520,987,933,798,712,740,731,914,894,711,716,29993,29994,29994,29994,29994,29995,29997,29996,29997,29995,29997,29996,29996,29996,29996,29997,29999]} 1. e4 e6 2. d4 d5 3. Nd2 c5 4. Ngf3 cxd4 5. Nxd4 Nf6 6. exd5 exd5 7. Be2 Be7 8. O-O O-O {C08: French Tarrasch: 3...c5 4 exd5 exd5 sidelines.} 9. N2b3 Nc6 10. c3 Nxd4 {White has an edge.} 11. Nxd4 Bd7 12. Bf4 {[#]} Bc6 $146 ({Predecessor:} 12... Rc8 13. Qb3 Bc6 14. a4 Ne4 15. Bg4 Ra8 16. Bf3 Bg5 17. Bxg5 Nxg5 {1-0 (57) Nazarevich,V (2305)-Balitskiy,R Lvov 2001}) 13. Re1 $36 {[%mdl 2048] White is pushing.} Bd6 14. Bg5 Be7 ({Better is} 14... Re8 $14) 15. Bd3 {Strongly threatening Nf5.} h6 16. Bh4 Ne4 $2 {[#]} (16... Bd7 $16 {keeps fighting.}) 17. Bxe7 $18 Qxe7 18. f3 Nxc3 (18... f5 {might work better.} 19. Bc2 {[%mdl 64] Pin} Kh7) 19. bxc3 Qc5 20. Qd2 Bd7 21. Rac1 a6 22. Bb1 g6 23. Qxh6 Qd6 (23... Rfe8 $142 24. Bxg6 fxg6 25. Qxg6+ Kh8 26. Qh5+ Kg8 27. Qg6+ Kh8 28. Qf6+ Kg8 29. Qg5+ Kh7) 24. Qd2 Rfe8 25. Bd3 Rac8 26. g3 Qa3 27. Rxe8+ Rxe8 28. Kg2 b5 29. f4 Qd6 30. Nf3 Qf6 31. Ne5 Bc8 32. Re1 Rf8 33. Be2 Bf5 34. Bf3 Be4 (34... Rd8 $142 35. Rd1 Bc8) 35. Bxe4 dxe4 36. Rxe4 Rc8 37. Rd4 Rf8 38. Rd6 Qf5 39. Qd3 Qg4 40. Nxg4 {White mates.} Kg7 41. Qd4+ Kg8 42. Nf6+ Kg7 43. Nd7+ Kh6 44. Qe5 a5 45. Qg5+ Kg7 46. Qf6+ Kg8 47. Nxf8 Kxf8 48. Rd8# {White took control after the opening. Accuracy: White = 78%, Black = 44%.} 1-0

[Event "Stay Safe Play From Home 305"]
[Site "Emanuel Lasker Arena"]
[Date "2020.07.15"]
[Round "1"]
[White "Lamborghini"]
[Black "TheCHESSHOUSE"]
[Result "1-0"]
[WhiteElo "2073"]
[BlackElo "2043"]
[Annotator "TA"]
[PlyCount "73"]
[EventDate "2020.07.15"]
[EventType "swiss (blitz)"]

{[%evp 9,73,39,61,24,41,25,64,22,56,17,61,9,35,-25,-46,-49,36,-54,61,-89,33,0,50,-28,52,0,103,91,536,112,95,94,294,293,283,283,251,259,243,200,29987,29988,29993,29994,29994,29988,29995,1456,5814,696,695,668,667,667,667,658,1201,1750,1210,0,0,0,0,-77,-52,-6203]} 1. e4 g6 2. d4 Bg7 3. Nc3 d6 4. f4 a6 5. Nf3 Nc6 6. d5 {B06: Modern Defence.} Nb8 7. Be3 Nf6 8. Qd2 {[#] White is slightly better.} (8. e5 $5 {[%cal Re5f6]} Nh5 9. Be2 $14) 8... O-O $146 ({Predecessor:} 8... c5 9. a4 Ng4 10. Bd3 Nxe3 11. Qxe3 Qb6 12. e5 Qxb2 13. Rb1 Qxc3+ 14. Kf2 O-O {1-0 (34) Renard,S (1980)-Crick,S (1780) Le Touquet 2000}) 9. O-O-O Nbd7 10. h3 (10. Kb1 $14) 10... c5 11. g4 (11. dxc6 $14 bxc6 12. e5) 11... b5 $11 12. e5 Ne8 (12... b4 $15 13. Ne2 Ne8) 13. Ne4 (13. h4 $14) 13... dxe5 (13... Nb6 $15) 14. f5 (14. Nxe5 $14 {stays ahead.} Nxe5 15. fxe5) 14... Qc7 (14... Nd6 $17 15. Nxd6 exd6 16. fxg6 hxg6) 15. Bg2 Bb7 16. h4 (16. Qf2 $14) 16... Nef6 (16... Ndf6 $11 17. Nxf6+ Nxf6 18. fxg6 hxg6) 17. Nfg5 $1 $14 Nxe4 (17... gxf5 $11 18. gxf5 Nxd5) 18. Bxe4 {fxg6 is the strong threat.} h6 $2 {[%mdl 8192]} (18... Nf6 $16 {is tougher.}) 19. Nxf7 $2 (19. fxg6 $18 {and the rest is easy.} hxg5 20. hxg5 fxg6 21. Qh2 $1 {[%mdl 512]}) 19... Rxf7 $16 20. fxg6 Rff8 $2 (20... Rf4 $16 {was necessary.} 21. d6 (21. Bxf4 exf4 22. d6 exd6 $11) 21... exd6 22. Bxb7 Qxb7) 21. Bxh6 $18 Nf6 22. Bf5 Bxd5 23. Bxg7 Kxg7 24. h5 $1 {[%cal Rh5h6] aiming for h6+.} Bxh1 $2 (24... e6 $18 25. g5 Ne8 26. h6+ Kg8) 25. h6+ Kg8 26. Be6+ Kh8 27. g7+ {[%mdl 64] Double Attack} Kh7 28. Rxh1 (28. Qg5 $142 Rf7 29. Bxf7 Be4 30. g8=B+ $1 {[%mdl 512]} Rxg8 31. Bxg8+ Nxg8 32. Qg7#) 28... Ne4 {[#]} 29. Qe3 (29. Qd3 $142 $1 {[%mdl 512]} Qc6 {[#]} 30. Bd5 $1 {[%mdl 576] Double Attack, Skewer} Qxh6+ 31. Rxh6+ Kxh6 32. gxf8=B+ Rxf8 33. Qxe4 Rf1+ 34. Kd2 Rf2+ 35. Ke1 $1 {[%mdl 512]}) 29... Qc6 {Hoping for ...Rf2.} 30. gxf8=Q Rxf8 31. Bf5+ Rxf5 32. gxf5 {KQR-KQN} Nf6 33. Rg1 {Qg5 would kill now.} Nh5 34. Rg7+ $2 (34. Qe2 $18 Nf6 35. Qxe5) 34... Nxg7 $11 35. hxg7 Kxg7 36. Qg5+ (36. Qxe5+ $11 {remains equal.} Kf7 37. Kd2) 36... Kf7 37. Qg6+ $2 {[%mdl 40960] Accuracy: White = 36%, Black = 23%. . Loss on time!?} (37. Qh5+ $15 Kg7 38. Qg5+ Kf8 39. b3) 1-0

[Event "Stay Safe Play From Home 305"]
[Site "Emanuel Lasker Arena"]
[Date "2020.07.15"]
[Round "1"]
[White "Scorpio New"]
[Black "ChessPlayer4985"]
[Result "1-0"]
[WhiteElo "2062"]
[BlackElo "1620"]
[Annotator "NA RC"]
[PlyCount "71"]
[EventDate "2020.07.15"]
[EventType "swiss (blitz)"]

1. d3 {[%emt 0:00:04]} Nf6 {[%emt 0:00:03]} 2. Nd2 {[%emt 0:00:00]} d5 {[%emt 0:00:00]} 3. c3 {[%emt 0:00:00]} e5 {[%emt 0:00:01]} 4. Qc2 {[%emt 0:00:00]} Bf5 {[%emt 0:00:01]} 5. e4 {[%emt 0:00:00]} dxe4 {[%emt 0:00:01]} 6. dxe4 {[%emt 0:00:00]} Bg6 {[%emt 0:00:00]} 7. Ngf3 {[%emt 0:00:00]} Nc6 {[%emt 0:00:01]} 8. g3 {[%emt 0:00:01]} Bc5 {[%emt 0:00:00]} 9. Bg2 {[%emt 0:00:01]} Ng4 {[%emt 0:00:00]} 10. O-O {[%emt 0:00:00]} Nf6 {[%emt 0:00:01]} 11. b4 {[%emt 0:00:00]} Bb6 {[%emt 0:00:01]} 12. b5 {[%emt 0:00:01]} Ne7 {[%emt 0:00:01]} 13. Nxe5 {[%emt 0:00:01]} O-O {[%emt 0:00:01]} 14. Nef3 {[%emt 0:00:01]} Nc8 {[%emt 0:00:03]} 15. Re1 {[%emt 0:00:01]} Nd6 {[%emt 0:00:01]} 16. Nd4 {[%emt 0:00:01]} Bxd4 {[%emt 0:00:02]} 17. cxd4 {[%emt 0:00:00]} Nxb5 {[%emt 0:00:01]} 18. Nb3 {[%emt 0:00:07]} Nxd4 {[%emt 0:00:01]} 19. Nxd4 {[%emt 0:00:00]} Qxd4 {[%emt 0:00:00]} 20. Bb2 {[%emt 0:00:00]} Qd8 {[%emt 0:00:02]} 21. Rad1 {[%emt 0:00:02]} Qe7 {[%emt 0:00:02]} 22. Qc3 {[%emt 0:00:03]} Rad8 {[%emt 0:00:02]} 23. Ba3 {[%emt 0:00:01]} Rxd1 {[%emt 0:00:04]} 24. Bxe7 {[%emt 0:00:02]} Rxe1+ {[%emt 0:00:01]} 25. Qxe1 {[%emt 0:00:00]} Re8 {[%emt 0:00:00]} 26. Bxf6 {[%emt 0:00:01]} gxf6 {[%emt 0:00:01]} 27. f3 {[%emt 0:00:01]} f5 {[%emt 0:00:01]} 28. e5 {[%emt 0:00:03]} f6 {[%emt 0:00:02]} 29. f4 {[%emt 0:00:01]} fxe5 {[%emt 0:00:01]} 30. fxe5 {[%emt 0:00:00]} Re6 {[%emt 0:00:01]} 31. Bd5 {[%emt 0:00:01]} Bf7 {[%emt 0:00:02]} 32. Bxe6 {[%emt 0:00:01]} Bxe6 {[%emt 0:00:00]} 33. Qe3 {[%emt 0:00:01]} Kg7 {[%emt 0:00:01]} 34. Qg5+ {[%emt 0:00:02]} Kf7 {[%emt 0:00:00]} 35. Qf6+ {[%emt 0:00:00]} Ke8 {[%emt 0:00:01]} 36. Qxe6+ {[%emt 0:00:00] ChessPlayer4985 resigns (Lag: Av=0.81s, max=1.4s)} 1-0

[Event "Stay Safe Play From Home 305"]
[Site "Emanuel Lasker Arena"]
[Date "2020.07.15"]
[Round "1"]
[White "Bardellosport"]
[Black "NTBT_DHS"]
[Result "0-1"]
[WhiteElo "2031"]
[BlackElo "2501"]
[Annotator "TA"]
[PlyCount "50"]
[EventDate "2020.07.15"]
[EventType "swiss (blitz)"]

{[%evp 9,50,-33,-26,-28,-26,-210,-229,-235,-226,-212,-181,-184,-190,-198,-194,-183,-154,-194,-153,-150,-139,-141,-123,-151,-120,-260,-259,-256,-184,-293,-145,-247,-244,-306,-148,-373,-370,-361,-372,-378,-252,-1164,-1148]} 1. d4 g6 2. e3 Bg7 3. f4 Nf6 4. Nf3 O-O 5. Bc4 d5 6. Bd3 {[#] A45: Trompowsky Attack.} c5 $1 {[%mdl 512] [#]} 7. Qe2 $146 (7. O-O $11 {and White is okay.}) (7. dxc5 Ne4) ({Predecessor:} 7. c3 cxd4 8. exd4 Nc6 9. O-O Bg4 10. Nbd2 Qd7 11. Qe1 Rac8 12. Qh4 Bxf3 13. Nxf3 {1-0 (51) Moro,A (1880)-Calcada,L (1496) Florianopolis 2020}) 7... c4 $19 8. Bxc4 {Black is clearly better.} dxc4 9. Qxc4 Nc6 10. Qe2 Bf5 11. c3 Ne4 12. Nbd2 Nxd2 13. Nxd2 f6 14. e4 Bd7 15. O-O e5 16. d5 Ne7 {[%cal Bc6e7,Be7c8,Bc8d6][%mdl 32] Hoping for ...exf4.} 17. c4 (17. fxe5 $17 Qb6+ 18. Qf2) 17... exf4 18. Rxf4 Nc8 19. Rf1 (19. c5 $142) 19... b6 (19... Nd6 $19 {and Black stays clearly on top. Strongly threatening ...Qb6+.} 20. b3 Qb6+ 21. Kh1 Rae8) 20. Nf3 (20. b3 $17 {is the only way for White.}) 20... Nd6 21. b3 Qe7 (21... Re8 $19 22. Bb2 Nxe4) 22. Nd2 $2 {[#]} (22. Ba3 $17) 22... f5 23. Rb1 Nxe4 24. Nxe4 Qxe4 25. Qf2 $2 (25. Qxe4 fxe4 26. Rxf8+ Rxf8 27. Be3) 25... Bd4 {Accuracy: White = 33%, Black = 41%.} 0-1

[Event "Stay Safe Play From Home 305"]
[Site "Emanuel Lasker Arena"]
[Date "2020.07.15"]
[Round "1"]
[White "Klasman"]
[Black "SoulofWolf"]
[Result "0-1"]
[WhiteElo "1303"]
[BlackElo "2146"]
[Annotator "TA"]
[PlyCount "44"]
[EventDate "2020.07.15"]
[EventType "swiss (blitz)"]

{[%evp 9,44,-5,32,17,33,26,41,-90,-76,-91,-12,-118,-120,-200,-100,-98,-113,-165,-126,-119,0,-28,-35,-68,75,81,77,-72,-70,-63,106,84,150,132,152,119,158]} 1. f4 c5 2. e4 e6 3. Nf3 a6 4. d4 cxd4 5. Nxd4 b5 6. Be3 {B41: Sicilian: Kan Variation: 5 c4.} Bb7 7. Bd3 Nf6 {[#]} 8. e5 $146 (8. Nd2 $14) ({Predecessor:} 8. Nd2 d6 9. g4 e5 10. fxe5 dxe5 11. Nf5 h5 12. gxh5 Nxh5 13. Qf3 g6 14. Ng3 {0-1 (35) Vega Gutierrez,S (2402)-Perez Candelario,M (2569) Linares 2013}) 8... Nd5 9. Bd2 Bc5 (9... Qb6 $17 10. Nf3 Nc6) 10. c3 (10. Nb3 $1 $11 {keeps the balance.} Bb6 11. Qg4) 10... Qb6 11. Be4 (11. Nc2 $17) 11... d6 (11... Bxd4 $19 12. cxd4 Qxd4 {[%mdl 64] Double Attack}) 12. Bxd5 $17 Bxd5 13. Be3 (13. exd6 $17 Nc6 14. Be3) 13... Bxg2 14. Rg1 Be4 (14... dxe5 $17 15. Rxg2 exd4 16. cxd4 Bb4+ 17. Kf1 Nc6) 15. Nd2 Bg6 {Threatens to win with ...dxe5.} 16. h4 h5 {[#]} (16... Nc6 $15 17. h5 dxe5 18. fxe5 Bf5) 17. Rxg6 $1 $16 fxg6 18. Qf3 (18. Qc2 $16 {and life is bright.} Qb7 19. Ne4) 18... d5 $17 {Hoping for ...Nc6.} 19. Qg3 Bxd4 $2 (19... Qa7 $15 {stays ahead.} 20. a4 Qf7) 20. Qxg6+ $16 Kf8 (20... Kd7 $142 21. Qxg7+ (21. Bxd4 Qd8 $14) (21. cxd4 Nc6 $11) 21... Kc6 22. cxd4 (22. Qxh8 Bxe3 23. Qc8+ Qc7 $15) (22. Bxd4 Qd8 $14) 22... Qd8) 21. Bxd4 Qc6 {[#]} 22. O-O-O $1 {[%mdl 1024] Black must now prevent Rg1. White has strong compensation.} Qd7 {[%mdl 32768] Quite a comeback for White. Accuracy: White = 44%, Black = 44%. . Loss on time!?} 0-1

[Event "Stay Safe Play From Home 305"]
[Site "Emanuel Lasker Arena"]
[Date "2020.07.15"]
[Round "2"]
[White "NTBT_DHS"]
[Black "NeatFox"]
[Result "1-0"]
[WhiteElo "2503"]
[BlackElo "1831"]
[Annotator "TA"]
[PlyCount "91"]
[EventDate "2020.07.15"]
[EventType "swiss (blitz)"]

{[%evp 9,90,38,87,65,87,66,72,60,61,0,0,0,6,4,21,16,58,22,22,20,40,32,96,78,88,83,137,127,97,0,0,0,0,0,210,178,437,462,508,515,510,508,691,699,691,572,724,582,974,961,949,931,791,743,1712,1694,1654,1397,1923,1837,29979,12840,29989,29990,29990,29991,29993,29993,29994,29993,29993,29994,29994,29994,29995,29995,29996,29997,29997,29997,29998,29999,29999]} 1. d4 c6 2. c4 d5 3. Nf3 dxc4 4. e3 Nf6 5. Bxc4 g6 6. O-O {D11: Slav Defence: 3 Nf3 sidelines and 3...Nf6 4 e3 Bg4.} Bg7 7. Nc3 O-O 8. e4 {White is better.} Bg4 9. h3 (9. Be2 $14) 9... Bxf3 $1 $11 {[#]} 10. gxf3 $146 ({Predecessor:} 10. Qxf3 Qxd4 11. b3 b5 12. Be2 b4 13. Nd1 Qxa1 {0-1 (13) Chladek,D-Maleski,H (1506) Wiesbaden 2011}) 10... b5 11. Bb3 Nbd7 12. Be3 $36 {[%mdl 2048] White is more active.} a5 13. a4 (13. e5 $5 {[%cal Re5f6]}) 13... b4 14. Ne2 $1 {[%cal Bc3e2,Be2f4,Bf4d3][%mdl 32]} Rc8 15. Rc1 Nb6 (15... e5 $14) 16. Nf4 Nfd7 17. Nd3 e5 ({Black should play} 17... Nb8) 18. dxe5 {Black must now prevent f4.} Qe7 19. f4 ({Better is} 19. e6 $16 fxe6 20. Nc5 Bxb2 21. Bxe6+ Rf7 22. Rc2 (22. Bxf7+ Qxf7 23. Rc2 Bc3 $16)) 19... c5 20. Bc4 Nxc4 21. Rxc4 Nb6 $2 {[#] White now steadily converts the win.} (21... Qe6 $11 {and Black is okay.} 22. b3 Qxh3) 22. Rxc5 Rxc5 $2 (22... Nc4) 23. Bxc5 $18 Qb7 24. Bxf8 Bxf8 25. Qf3 Nc4 26. Rc1 Nd2 27. Qe2 Nxe4 28. Qf3 Nc5 29. Qxb7 Nxb7 {[%mdl 4096] Endgame KRN-KBN} 30. Rc7 Nd8 31. Nc5 Bxc5 32. Rxc5 {KR-KN} Ne6 33. Rxa5 Nxf4 34. Rb5 Nd3 35. a5 Nxb2 36. a6 {White mates.} Nc4 37. a7 Na3 38. a8=Q+ Kg7 39. Rxb4 Nc2 40. Rb8 Kh6 41. Qe4 Ne1 42. Qxe1 Kg7 43. Qe3 h6 44. Qf4 g5 45. Qf6+ Kh7 46. Rh8# {Accuracy: White = 88%, Black = 38%.} 1-0

[Event "Stay Safe Play From Home 305"]
[Site "Emanuel Lasker Arena"]
[Date "2020.07.15"]
[Round "2"]
[White "Broken sword"]
[Black "Scorpio New"]
[Result "1-0"]
[WhiteElo "2445"]
[BlackElo "2064"]
[Annotator "TA"]
[PlyCount "67"]
[EventDate "2020.07.15"]
[EventType "swiss (blitz)"]

{[%evp 9,67,36,65,61,72,63,60,72,68,66,75,62,100,63,175,185,186,181,181,188,189,189,588,574,577,575,553,551,787,761,769,766,760,740,726,559,663,532,513,462,952,957,946,927,964,907,987,860,1255,1250,1218,1198,1315,1303,1342,1317,1397,1366,29983,29984]} 1. e4 d6 2. d4 Nd7 3. Nc3 e5 4. Nge2 g6 5. Be3 Bg7 6. Qd2 {B07: Pirc Defence: Miscellaneous Systems.} h5 7. f3 Ngf6 8. O-O-O {White is slightly better.} c6 9. Kb1 Qc7 {[#]} 10. Nc1 $146 ({Predecessor:} 10. h3 Nb6 11. Nc1 Be6 12. Nb3 {½-½ (12) Kanya,Z-Gal,G Salgotarjan 1978}) 10... b5 11. d5 {dxc6 is the strong threat.} cxd5 ({Black should play} 11... b4 $14) 12. Nxd5 $18 Nxd5 13. Qxd5 {[%mdl 64] [#] Double Attack} Bb7 14. Qxd6 Qxd6 15. Rxd6 Nf6 $2 (15... Bf8 {is more resistant.}) 16. Bxb5+ Kf8 17. Rhd1 Kg8 18. Bg5 Nh7 19. Rd8+ Rxd8 20. Rxd8+ Nf8 21. Be7 Kh7 22. Bc4 f6 23. Nb3 g5 24. Nc5 Bc8 (24... Ng6 $142 25. Rd7 Bc8) 25. Rxc8 Ng6 26. Rxh8+ Bxh8 27. Bd8 g4 28. Be2 f5 29. exf5 Nf4 30. Bf1 gxf3 31. gxf3 Kg7 32. Ne4 Kf7 33. Bg5 Nd5 {[#]} 34. Bc4 $1 {White took control after the opening. Accuracy: White = 79%, Black = 46%.} 1-0

[Event "Stay Safe Play From Home 305"]
[Site "Emanuel Lasker Arena"]
[Date "2020.07.15"]
[Round "2"]
[White "SoulofWolf"]
[Black "Lamborghini"]
[Result "0-1"]
[WhiteElo "2146"]
[BlackElo "2089"]
[Annotator "TA"]
[PlyCount "62"]
[EventDate "2020.07.15"]
[EventType "swiss (blitz)"]

{[%evp 9,61,28,35,20,33,30,40,16,24,20,27,22,76,68,103,47,64,53,53,14,20,19,21,8,8,-39,6,5,20,14,23,0,0,0,63,-12,145,-6,-12,-152,-158,-151,-136,-226,-224,-162,-138,-430,-397,-636,-629,-29998,-29999,-29999]} 1. c4 g6 2. Nf3 Bg7 3. e3 e6 4. d4 Ne7 5. Be2 O-O 6. O-O {A10: English Opening: Unusual Replies for Black.} d5 7. Nbd2 c6 {[#]} 8. a3 $146 {White is slightly better.} ({Predecessor:} 8. b3 Re8 9. Bb2 Nd7 10. Qc2 f6 11. Rfe1 Nf8 12. Rad1 Bd7 13. b4 Qc7 14. Qb3 {1-0 (33) Schwieger,W (1825)-Wilke,F (1920) Radebeul 2016}) 8... b6 9. Rb1 Bb7 10. b4 dxc4 (10... Nd7 $11) 11. Nxc4 $16 Nd5 {Black wants to play ...Nc3.} 12. Bb2 (12. Qc2 $16) 12... a5 $14 13. bxa5 b5 14. Nb6 (14. Qb3 {is interesting.} Qe7 15. Nce5 Rxa5 16. Rfc1 Rc8 17. Nd2) 14... Rxa5 15. Nxd5 exd5 16. Qd2 Nd7 17. Rfc1 Ra8 18. Bc3 Nb6 19. Bb4 Nc4 20. Bxc4 dxc4 21. Bxf8 Qxf8 (21... Bxf8 $11 22. Rc3 Bxa3) 22. Qc2 ({White should try} 22. Ne5 $14) 22... c5 $2 {[#]} (22... Qe7 $11) 23. dxc5 $2 ({White must play} 23. Rxb5 $16 Bxf3 24. gxf3 cxd4 25. Qxc4) 23... Qxc5 $11 24. Ne1 (24. Nd4 $11 {keeps the balance.} Bxd4 25. exd4) 24... Rxa3 $17 25. Rd1 h6 {[%mdl 1024] Black has strong compensation.} 26. Rd7 (26. Qd2 $17) 26... Bc6 $19 27. Rd8+ Kh7 28. Qc1 $2 {[%mdl 8192] Now White is beyond hope.} (28. Rc8 $17) 28... Ra2 29. Qd1 $2 (29. Rd2 Ra4 30. Qd1) 29... Qf5 30. Rc1 Qxf2+ {[%mdl 64] [#] Double Attack} 31. Kh1 Qf1# {Accuracy: White = 38%, Black = 77%.} 0-1

[Event "Stay Safe Play From Home 305"]
[Site "Emanuel Lasker Arena"]
[Date "2020.07.15"]
[Round "2"]
[White "Weltszmerc"]
[Black "Lazieri3"]
[Result "0-1"]
[WhiteElo "2129"]
[BlackElo "2066"]
[Annotator "TA"]
[PlyCount "84"]
[EventDate "2020.07.15"]
[EventType "swiss (blitz)"]

{[%evp 9,84,0,65,0,86,76,118,100,109,83,54,53,70,-82,76,39,42,-29,0,0,780,767,770,755,796,495,464,368,385,280,259,252,315,252,252,252,252,252,250,257,260,156,148,142,148,115,157,160,160,171,172,172,172,178,173,11,13,12,53,52,142,142,152,154,184,185,218,-50,-50,-60,-63,-62,0,-8,-8,-14,-30]} 1. d4 c6 2. c4 d5 3. Nf3 Nf6 4. g3 Bf5 5. Qb3 Qc8 (5... Qb6 $11) 6. cxd5 {[#] D11: Slav Defence: 3 Nf3 sidelines and 3...Nf6 4 e3 Bg4.} (6. Nc3 $14) 6... Nxd5 $146 (6... cxd5 $11 7. Nc3 Nc6) ({Predecessor:} 6... cxd5 7. Nc3 e6 8. Bf4 Nc6 9. Rc1 Be7 10. Bg2 O-O 11. O-O Nh5 12. Be3 Nf6 13. Nh4 {1-0 (30) Martinez Ramirez,L (2410)-Bajarani,U (2540) Moscow 2016}) 7. Nbd2 Bg6 8. e4 {White is better.} Nf6 9. Bd3 e6 10. O-O Nbd7 11. Nc4 $2 (11. Nh4 $14) 11... Be7 $2 (11... Nxe4 $17 12. Rd1 Nd6) 12. e5 Nd5 13. Ng5 (13. Bg5 $14) 13... Bxd3 (13... b5 {seems wilder.} 14. Bxg6 hxg6 15. Na3 O-O 16. Qd3 a6) 14. Qxd3 Bxg5 $4 {[%mdl 8192]} (14... b5 $11 15. Nd6+ Bxd6 16. exd6 N7f6) 15. Nd6+ $18 {[%mdl 64] [#] Double Attack} ({Weaker is} 15. Bxg5 O-O $14) 15... Kf8 16. Nxc8 Bxc1 17. Raxc1 Rxc8 18. f4 g6 19. a3 h5 20. b4 a6 21. Kg2 Kg7 22. h3 Rh7 23. Rc2 Rhh8 24. Rcf2 Rh7 25. g4 hxg4 26. hxg4 Rch8 {...Rh2+ is the strong threat.} 27. Qg3 Ne3+ 28. Qxe3 Rh2+ 29. Kf3 R2h3+ 30. Ke2 Rxe3+ 31. Kxe3 {[%mdl 4096] Endgame KRR-KRN} Nb6 32. Rc2 $2 (32. f5 $18 {aiming for fxe6.} exf5 33. gxf5) 32... Nd5+ $1 $11 33. Ke4 Rh3 {[%csl Gd5][%cal Rh3e3]} 34. Rf3 Rh1 (34... f5+ $14 35. exf6+ Nxf6+ 36. Ke3 Nxg4+ 37. Ke2 Rh1) 35. Re2 Rd1 36. f5 exf5+ 37. gxf5 gxf5+ 38. Rxf5 $2 (38. Kxf5 $18 {Hoping for e6.} Rxd4 39. Ref2) 38... Nc3+ $15 {[%mdl 64] [#] Double Attack} 39. Ke3 {And now Rg2+ would win.} Nxe2 40. Kxe2 Ra1 ({Black should try} 40... Rxd4 $15 41. Ke3 Rg4) 41. Rg5+ Kf8 42. Rf5 Ra2+ {Accuracy: White = 47%, Black = 56%.} 0-1